Fr. Conceicao Rodrigues College of Engineering

Screw Thread Production Vol. I (Record no. 31522)

MARC details
000 -LEADER
fixed length control field 00304nam a2200133Ia 4500
082 ## - DEWEY DECIMAL CLASSIFICATION NUMBER
Classification number 621.882
100 ## - MAIN ENTRY--PERSONAL NAME
Personal name Murphy James
245 ## - TITLE STATEMENT
Title Screw Thread Production Vol. I
260 ## - PUBLICATION, DISTRIBUTION, ETC.
Name of publisher, distributor, etc. Machinery Publication & co
Place of publication, distribution, etc. London
300 ## - PHYSICAL DESCRIPTION
Extent 154
546 ## - LANGUAGE NOTE
Language note ENGLISH
654 ## - SUBJECT ADDED ENTRY--FACETED TOPICAL TERMS
Focus term Thread production
942 ## - ADDED ENTRY ELEMENTS (KOHA)
Koha item type BOOK
Holdings
Withdrawn status Lost status Damaged status Not for loan Collection Home library Current library Date acquired Cost, normal purchase price Inventory number Total Checkouts Full call number Barcode Date last seen Cost, replacement price Price effective from Koha item type
        AFT Fr. Agnel's C.Rodrigues College of Engineering Fr. Agnel's C.Rodrigues College of Engineering 17/03/2023 25.00 T-280   621.882 AFT1606 17/03/2023 25.00 17/03/2023 BOOK